000 00911cam a2200277 a 4500
001 000018204
005 20200929165412.0
008 910619s1967 sp 000 f spa d
035 _a(DLC)ltf91069316
040 _aDO-SdBNP
_bspa
_cDLC
_dDLC
_dBNPHU
041 1 7 _aspa
_heng
_2Código de idioma MARC
082 _a823.914
_bB775t
100 1 _aBourne, Peter,
_d1939-
_939415
240 1 0 _aDrums of destinity:
_lEspañol.
245 1 4 _aLos tambores del destino :
_bnovela /
_cPeter Bourn ; traducción de María de la Luz Prieto.
260 _aBarcelona :
_bPlaneta,
_c1967.
300 _a612 p. ;
_c22 cm.
490 1 _aÓmnibus
534 _aTítulo original:
_tDrums of destinity
650 4 _aNovela inglesa
_91071
650 4 _aLiteratura inglesa
_ySIGLO XX
_94369
700 1 _aLuz Prieto, María de la,
_etr.
_939416
830 0 _aÓmnibus.
_939417
910 _aCatalogación derivada
049 _aBNGR
999 _c17725
_d17725